<?xml version="1.0" encoding="UTF-8"?>
<record
    xmlns:xsi="http://www.w3.org/2001/XMLSchema-instance"
    xsi:schemaLocation="http://www.loc.gov/MARC21/slim http://www.loc.gov/standards/marcxml/schema/MARC21slim.xsd"
    xmlns="http://www.loc.gov/MARC21/slim">

  <leader>00424    a2200145   4500</leader>
  <controlfield tag="005">20250522065203.0</controlfield>
  <datafield tag="020" ind1=" " ind2=" ">
    <subfield code="a">0-314-62972-6</subfield>
  </datafield>
  <datafield tag="082" ind1=" " ind2=" ">
    <subfield code="a">658.5 VON</subfield>
  </datafield>
  <datafield tag="100" ind1=" " ind2=" ">
    <subfield code="a">VONDEREMBSE, M. A.</subfield>
  </datafield>
  <datafield tag="245" ind1=" " ind2=" ">
    <subfield code="a">Operations Management : Concepts, Methods and Strategies.</subfield>
  </datafield>
  <datafield tag="260" ind1=" " ind2=" ">
    <subfield code="a">New York,</subfield>
    <subfield code="b">West</subfield>
    <subfield code="c">1988.</subfield>
  </datafield>
  <datafield tag="300" ind1=" " ind2=" ">
    <subfield code="a">xx, 863p.: ill.; picture</subfield>
    <subfield code="b">Bibliographical References &amp; Index</subfield>
    <subfield code="c">26cm.</subfield>
  </datafield>
  <datafield tag="700" ind1=" " ind2=" ">
    <subfield code="a">WHITE, G. P.</subfield>
  </datafield>
  <datafield tag="942" ind1=" " ind2=" ">
    <subfield code="2">ddc</subfield>
    <subfield code="c">BKS</subfield>
  </datafield>
  <datafield tag="999" ind1=" " ind2=" ">
    <subfield code="c">2496</subfield>
    <subfield code="d">2496</subfield>
  </datafield>
  <datafield tag="952" ind1=" " ind2=" ">
    <subfield code="r">2025-05-22 06:54:21</subfield>
    <subfield code="l">0</subfield>
    <subfield code="o">658.5 VON</subfield>
    <subfield code="p">0000009415</subfield>
    <subfield code="v">36000.00</subfield>
    <subfield code="w">2025-05-22</subfield>
    <subfield code="y">BKS</subfield>
    <subfield code="1">0</subfield>
    <subfield code="2">ddc</subfield>
    <subfield code="4">0</subfield>
    <subfield code="7">0</subfield>
    <subfield code="0">0</subfield>
    <subfield code="a">CBEML</subfield>
    <subfield code="b">CBEML</subfield>
    <subfield code="c">GEN</subfield>
    <subfield code="d">1994-04-13</subfield>
    <subfield code="g">12000.00</subfield>
  </datafield>
  <datafield tag="952" ind1=" " ind2=" ">
    <subfield code="r">2025-05-22 06:54:21</subfield>
    <subfield code="l">0</subfield>
    <subfield code="o">658.5 VON</subfield>
    <subfield code="p">0000009416</subfield>
    <subfield code="v">36000.00</subfield>
    <subfield code="w">2025-05-22</subfield>
    <subfield code="y">BKS</subfield>
    <subfield code="1">0</subfield>
    <subfield code="2">ddc</subfield>
    <subfield code="4">0</subfield>
    <subfield code="7">0</subfield>
    <subfield code="0">0</subfield>
    <subfield code="a">CBEML</subfield>
    <subfield code="b">CBEML</subfield>
    <subfield code="c">GEN</subfield>
    <subfield code="d">1994-04-13</subfield>
    <subfield code="g">12000.00</subfield>
  </datafield>
  <datafield tag="952" ind1=" " ind2=" ">
    <subfield code="r">2025-05-22 06:54:21</subfield>
    <subfield code="l">0</subfield>
    <subfield code="o">658.5 VON</subfield>
    <subfield code="p">0000009417</subfield>
    <subfield code="v">36000.00</subfield>
    <subfield code="w">2025-05-22</subfield>
    <subfield code="y">BKS</subfield>
    <subfield code="1">0</subfield>
    <subfield code="2">ddc</subfield>
    <subfield code="4">0</subfield>
    <subfield code="7">0</subfield>
    <subfield code="0">0</subfield>
    <subfield code="a">CBEML</subfield>
    <subfield code="b">CBEML</subfield>
    <subfield code="c">GEN</subfield>
    <subfield code="d">1994-04-13</subfield>
    <subfield code="g">12000.00</subfield>
  </datafield>
  <datafield tag="952" ind1=" " ind2=" ">
    <subfield code="r">2025-05-22 06:54:21</subfield>
    <subfield code="l">0</subfield>
    <subfield code="o">658.5 VON</subfield>
    <subfield code="p">0000009418</subfield>
    <subfield code="v">36000.00</subfield>
    <subfield code="w">2025-05-22</subfield>
    <subfield code="y">BKS</subfield>
    <subfield code="1">0</subfield>
    <subfield code="2">ddc</subfield>
    <subfield code="4">0</subfield>
    <subfield code="7">0</subfield>
    <subfield code="0">0</subfield>
    <subfield code="a">CBEML</subfield>
    <subfield code="b">CBEML</subfield>
    <subfield code="c">GEN</subfield>
    <subfield code="d">1994-04-13</subfield>
    <subfield code="g">12000.00</subfield>
  </datafield>
  <datafield tag="952" ind1=" " ind2=" ">
    <subfield code="r">2025-05-22 06:54:21</subfield>
    <subfield code="l">0</subfield>
    <subfield code="o">658.5 VON</subfield>
    <subfield code="p">0000009419</subfield>
    <subfield code="v">36000.00</subfield>
    <subfield code="w">2025-05-22</subfield>
    <subfield code="y">BKS</subfield>
    <subfield code="1">0</subfield>
    <subfield code="2">ddc</subfield>
    <subfield code="4">0</subfield>
    <subfield code="7">0</subfield>
    <subfield code="0">0</subfield>
    <subfield code="a">CBEML</subfield>
    <subfield code="b">CBEML</subfield>
    <subfield code="c">GEN</subfield>
    <subfield code="d">1994-04-13</subfield>
    <subfield code="g">12000.00</subfield>
  </datafield>
</record>
